000 00629nam a2200241Ia 4500
003 OSt
005 20221006145355.0
006 a|||||r|||| 00| 0
007 ta
008 221006b |||||||| |||| 00| 0 eng d
020 _cP1.60 (each)
024 _a14,628
037 _cTextual
040 _aEASL
_cEASL
_beng
041 _2eng
_aeng
082 _aO41,3xM81, L0-;1
100 _aHSUN Lu
245 0 _aThree stories
_b Chinese text
260 _aCambridge
_bCambridge University Press
_c1970
300 _a91p.
_ccm.
942 _hO41,3xM81, L0-;1
_cTEXL
_2CC
999 _c1082714
_d1082714